North American Pro Teams Without City or State Names - Statistics

General Stats
  • This quiz has been taken 24 times
    15 since last reset
  • The average score is 6 of 10
Answer Stats
Answer % Correct
New England Patriots
86%
Golden State Warriors
71%
Carolina Panthers
64%
Tampa Bay Rays
64%
Carolina Hurricanes
57%
Tampa Bay Buccaneers
57%
Brooklyn Nets
50%
Athletics
43%
Tampa Bay Lightning
43%
Vegas Golden Knights
36%
No matching quizzes found
Score Distribution
Percent of People with Each Score
Percentile by Number Answered
Your Score History
You have not taken this quiz since the last reset